লোডিং...

Gandhiji /

গ্রন্থ-পঞ্জীর বিবরন
বিন্যাস: Printed Book
ভাষা:English
LEADER 00251nam a2200085Ia 4500
008 150624b xxu||||| |||| 00| 0 eng d
245 |a Gandhiji / 
942 |c BK 
999 |c 18559  |d 18559 
952 |0 1  |1 0  |4 0  |7 0  |9 18558  |a UL  |b UL  |c ST1  |d 1998-09-01  |l 0  |p 28061  |r 2012-10-27  |w 2012-10-27  |y BK